Loading...
History - Other History | 0 | 6 | 0 | 1 | 60 | 86 | 112.50 | 0 | 3 |
History - European History | 0 | 6 | 2 | 0 | 50 | 67 | 107.83 | 1 | 3 |
History - World History | 0 | 6 | 2 | 2 | 50 | 66 | 109.50 | 0 | 2 |
Religion | 0 | 4 | 0 | 0 | 40 | 75 | 111.00 | 1 | 1 |
Fine Arts - Painting & Sculpture | 0 | 4 | 1 | 0 | 35 | 60 | 88.75 | 1 | 2 |
Literature - British Literature | 0 | 3 | 0 | 0 | 30 | 85 | 110.33 | 0 | 2 |
Social Science | 0 | 4 | 2 | 0 | 30 | 65 | 100.50 | 1 | 2 |
Fine Arts - Other Fine Arts | 0 | 3 | 0 | 1 | 30 | 56 | 90.33 | 0 | 2 |
Literature - World Literature | 0 | 3 | 1 | 1 | 25 | 95 | 120.00 | 0 | 0 |
Science - Biology | 0 | 3 | 1 | 1 | 25 | 79 | 108.33 | 0 | 1 |
Literature - European Literature | 0 | 2 | 0 | 0 | 20 | 100 | 118.00 | 0 | 1 |
Current Events | 0 | 2 | 0 | 0 | 20 | 122 | 122.50 | 0 | 0 |
Philosophy | 0 | 2 | 2 | 1 | 10 | 85 | 100.50 | 0 | 0 |
Literature - American Literature | 0 | 2 | 2 | 1 | 10 | 109 | 126.50 | 0 | 0 |
Geography | 0 | 1 | 1 | 0 | 5 | 45 | 45.00 | 1 | 1 |
Science - Other Science | 0 | 1 | 1 | 0 | 5 | 113 | 113.00 | 0 | 0 |
Science - Physics | 0 | 1 | 1 | 0 | 5 | 109 | 109.00 | 0 | 0 |
History - American History | 0 | 2 | 3 | 2 | 5 | 141 | 143.50 | 0 | 0 |
Mythology | 0 | 0 | 1 | 0 | -5 | 0.00 | 0 | 0 | |
Other Academic | 0 | 0 | 2 | 0 | -10 | 0.00 | 0 | 0 |